| 000 | 00583 a2200169 4500 | ||
|---|---|---|---|
| 020 | _a069108162X | ||
| 020 | _a9780691081625 | ||
| 082 | 0 | 4 | _a530.1 |
| 090 |
_c1606 _d1606 |
||
| 100 | 1 | _aLightman, A. | |
| 245 | 1 | 0 |
_aProblem book in relativity and gravitation / _cA. Lightman, R. H. Price. |
| 260 |
_a[S.l.] : _bPrinceton University Press, _c1975. |
||
| 300 |
_a616 p. ; _c23 cm. |
||
| 700 | 1 | _aPrice, R. H. | |
| 942 |
_aSNS _cBK _k530.1 LIG |
||
| 999 |
_c30215 _d30215 |
||